[Event "TCh-RUS"]
[Site "Tomsk RUS"]
[Date "2001.05.17"]
[Round "5"]
[White "Malaniuk,V"]
[Black "Petukhov,Val"]
[Result "1-0"]
[WhiteElo "2511"]
[BlackElo "2497"]

1.c4 c6 2.Nf3 d5 3.e3 g6 4.Nc3 Bg7 5.d4 Nf6 6.cxd5 cxd5 7.Bb5+ Nc6 8.Ne5 Bd7
9.Qa4 Qc7 10.Nxd7 Qxd7 11.O-O O-O 12.Bxc6 bxc6 13.b3 Rfe8 14.Bb2 Ng4 15.h3 Nh6
16.Rac1 Rac8 17.Ne2 Nf5 18.Rc2 e5 19.dxe5 Bxe5 20.Bxe5 Rxe5 21.Rfc1 Re6 22.Rc5 Rc7
23.Qa5 Rb7 24.Qc3 Rb6 25.Qd3 Qe7 26.Nd4 Nxd4 27.Qxd4 Qd6 28.Qc3 Qd7 29.Rd1 Re4
30.Qd3 Qb7 31.Qc3 Qd7 32.Qc2 Qb7 33.Rc1 Re6 34.Qc3 Qd7 35.Rc2 Qb7 36.Rd2 Qd7
37.Rd4 Ra6 38.Qc2 Qb7 39.Rc3 Rb6 40.Rc5 Ra6 41.a4 Rb6 42.Rd3 Qb8 43.g3 Qd8
44.Rdc3 Qf6 45.a5 Rb8 46.Kh2 Rc8 47.Rxd5 Qf3 48.Rd2 Rb8 49.Rcd3 Rb5 50.Rd4 Qf5
51.b4 a6 52.Qxf5 Rxf5 53.Rc4 Kf8 54.g4 Rff6 55.Kg3 Ke7 56.Rcd4 Rd6 57.f4 Rxd4
58.Rxd4 Rd6 59.Rxd6 Kxd6 60.e4 f6 61.h4 c5 62.bxc5+ Kxc5 63.g5  1-0

[Event "Open"]
[Site "Pula CRO"]
[Date "2001.05.19"]
[Round "2"]
[White "Rukavina,J"]
[Black "Macek,V"]
[Result "0-1"]
[WhiteElo "2414"]
[BlackElo "2234"]

1.c4 c6 2.Nf3 d5 3.e3 Nf6 4.Nc3 a6 5.a4 e6 6.d4 Bb4 7.Bd2 O-O 8.Be2 Nbd7
9.O-O Qe7 10.Qc2 dxc4 11.Bxc4 e5 12.a5 h6 13.Nh4 Kh8 14.Ra4 c5 15.Nf5 Qd8
16.Nd6 Qe7 17.dxc5 Bxc5 18.Nf5 Qd8 19.Raa1 b5 20.Bb3 Bb7 21.Rfc1 Rc8 22.Qd3 b4
23.Nd5 e4 24.Qe2 Nxd5 25.Bxd5 Bxd5 26.Qxa6 Qf6  0-1

[Event "Open"]
[Site "Pula CRO"]
[Date "2001.05.19"]
[Round "2"]
[White "Kovacevic,B"]
[Black "Glavas,D"]
[Result "1/2-1/2"]
[WhiteElo "2443"]
[BlackElo "2274"]

1.c4 c6 2.e4 d5 3.exd5 cxd5 4.cxd5 Nf6 5.Nc3 Nxd5 6.Nf3 Nc6 7.d4 e6 8.Bb5 Bb4
9.Qd3 O-O 10.O-O Be7 11.a3 Nxc3 12.bxc3 Bf6 13.Bf4 a6 14.Ba4 b5 15.Bc2 g6
16.Rfd1 Bb7 17.a4 Qd5 18.Rab1 Na7 19.Be5 Bxe5 20.dxe5 Qxd3 21.Bxd3 Bxf3 22.gxf3 Rac8
23.axb5 axb5 24.Bxb5 Rxc3 25.Bd7 Rc7 26.Rd6 Rd8 27.Bxe6 Re8 28.Rd7 Rxd7 29.Bxd7 Rxe5
30.Rb8+ Kg7 31.Rb7 Ra5 32.Kg2 Ra6 33.Be8 Nc6 34.Rxf7+ Kh6 35.Rf6 Nb4 36.Rxa6 Nxa6
37.f4 Nc5 38.Kf3 Ne6 39.Bd7 Nd4+ 40.Kg4 Kg7 41.f5 Kf6 42.fxg6 hxg6 43.h4 Nb3
44.Kf4 Nc5 45.Bb5 Ne6+ 46.Kg4 Ng7 47.Bd3 Ne6 48.Bb5 Ng7 49.Bd7 Nh5 50.Kf3 Ng7
51.Kf4 Nh5+ 52.Ke4 Ng7 53.Bg4 Ne8 54.Kd5 Ng7 55.Kd6 Ne8+ 56.Kd7  1/2-1/2

[Event "TCh-RUS"]
[Site "Tomsk RUS"]
[Date "2001.05.19"]
[Round "6"]
[White "Poluljahov,A"]
[Black "Volkov,S"]
[Result "1-0"]
[WhiteElo "2502"]
[BlackElo "2558"]

1.c4 c6 2.e4 d5 3.exd5 cxd5 4.cxd5 Nf6 5.Nc3 Nxd5 6.Nf3 e6 7.Bc4 Nc6 8.O-O Be7
9.d4 Nxc3 10.bxc3 O-O 11.Bd3 b6 12.Re1 Bb7 13.h4 Bxh4 14.Nxh4 Qxh4 15.Re3 Qd8
16.Qh5 g6 17.Rg3 Qd7 18.Bh6 Rfe8 19.Re1 Qc7 20.Ree3 Ne7 21.Qg5 Nd5 22.c4 f6
23.Qh4 Qf7 24.cxd5 Bxd5 25.Be4 Rad8 26.Rc3 Rd7 27.Bxd5 Rxd5 28.Be3 Red8 29.Rf3 f5
30.Qg3 b5 31.Rc7 R5d7 32.Qh4 b4 33.Bf4 a5 34.Be5 a4 35.Rb7 Rxb7 36.Qxd8+ Qf8
37.Qa5 b3 38.axb3 axb3 39.Qa6 Qc8 40.Rxb3 Qc1+ 41.Kh2 Rxb3 42.Qxe6+  1-0

[Event "TCh-RUS"]
[Site "Tomsk RUS"]
[Date "2001.05.19"]
[Round "6"]
[White "Petukhov,Val"]
[Black "Erikalov,A"]
[Result "1-0"]
[WhiteElo "2497"]
[BlackElo "2475"]

1.c4 c6 2.Nf3 d5 3.b3 Bf5 4.Bb2 e6 5.g3 Nf6 6.Bg2 Be7 7.O-O O-O 8.d3 h6 9.Nbd2 a5
10.Re1 Bh7 11.a3 Nbd7 12.Ra2 Qb6 13.Qa1 Bc5 14.Bd4 Rfe8 15.Bxc5 Nxc5 16.Qc3 Qa7
17.Rc2 Ncd7 18.e4 Ng4 19.c5 Qb8 20.h3 Nge5 21.Nd4 Ng6 22.b4 axb4 23.axb4 Ne7
24.Ra1 Rxa1+ 25.Qxa1 Rd8 26.Ra2 Ne5 27.Ra3 Bg6 28.f4 Nd7 29.e5 b6 30.Qc3 Qb7
31.Bf1 bxc5 32.bxc5 Ra8 33.Qa1 Rb8 34.Rb3 Qc7 35.Qa3 Rxb3 36.N2xb3 h5 37.Qa8+ Kh7
38.Qe8 Ng8 39.Nf3 Qb7 40.Ng5+ Kh8 41.Nxf7+ Bxf7 42.Qxf7 Qxb3 43.Qxh5+ Nh6
44.Qe8+ Kh7 45.Qxd7 Qc3 46.Qxe6 Qxc5+ 47.Kh2 Qc2+ 48.Bg2 Qxd3 49.Qe8 Qe3
50.Qh5 d4 51.Qf3 Nf5 52.g4 Nh4 53.Qxe3 dxe3 54.Be4+ Kg8 55.Kg3 Kf7 56.Bd3 g5
57.fxg5  1-0

[Event "XXXVI Capablanca Mem Mixto"]
[Site "Havana CUB"]
[Date "2001.05.20"]
[Round "13"]
[White "Lucena,L"]
[Black "Ramon,V"]
[Result "1-0"]
[WhiteElo "2245"]
[BlackElo "2279"]

1.c4 c6 2.e4 e5 3.Nf3 d6 4.h3 Ne7 5.d4 Ng6 6.Nc3 Be7 7.Be3 Nd7 8.Be2 O-O
9.h4 Bxh4 10.Qd2 Be7 11.O-O-O Re8 12.Rh2 Ndf8 13.Qc2 Bd7 14.g3 Qc8 15.dxe5 dxe5
16.Nd2 Qc7 17.Nb3 b6 18.Rdh1 a5 19.Kb1 a4 20.Nc1 a3 21.b3 Bc5 22.Bd2 Bd4
23.Nd3 b5 24.c5 Qc8 25.f3 Be6 26.Nd1 Ra7 27.Bb4 f5 28.N1f2 f4 29.gxf4 exf4
30.Nh3 Bxh3 31.Rxh3 Bf6 32.Rh5 Qd8 33.Rd1 Qe7 34.Bf1 Nh4 35.Qf2 g6 36.Rh6 Bg5
37.Rxh4 Bxh4 38.Qc2 Bf6 39.Bh3 Ne6 40.Nf2 Rd8 41.Rd6 Nd4 42.Qd3 h5 43.e5 Rxd6
44.cxd6 Qxe5 45.Ne4 Bg7 46.d7 Ra8 47.Bd6 Qd5 48.Be7 Kf7 49.Bh4 Ne6 50.Nd6+ Kf8
51.Qxd5 cxd5 52.Bxe6 d4 53.Nc8  1-0

[Event "TCh-YUG"]
[Site "Herceg Novi YUG"]
[Date "2001.05.21"]
[Round "8"]
[White "Drasko,M"]
[Black "Simic,R"]
[Result "1/2-1/2"]
[WhiteElo "2521"]
[BlackElo "2429"]

1.c4 c6 2.d4 d5 3.e3 Nf6 4.Nc3 a6 5.Qc2 g6 6.Nf3 Bg7 7.Bd2 O-O 8.Rc1 Bf5
9.Qb3 Ra7 10.cxd5 cxd5 11.Ne5 Nbd7 12.Nxd7 Qxd7 13.Be2 b5 14.O-O Qd6 15.a3 Bd7
16.Na2 Re8 17.Bb4 Qb8 18.Ba5 e6 19.Rc2 Bf8 20.Bb4 a5 21.Bxf8 Rxf8 22.Nc1 b4  1/2-1/2

[Event "Open"]
[Site "Pula CRO"]
[Date "2001.05.22"]
[Round "5"]
[White "Bukal,V"]
[Black "Crepan,M"]
[Result "1-0"]
[WhiteElo "2439"]
[BlackElo "2289"]

1.c4 c6 2.Nf3 d5 3.e3 Nf6 4.Nc3 a6 5.b3 Bf5 6.Bb2 e6 7.Nh4 Bg4 8.Be2 Bxe2
9.Qxe2 Nbd7 10.O-O Be7 11.Nf3 O-O 12.e4 dxe4 13.Nxe4 Qc7 14.d4 Rfe8 15.Rad1 a5
16.Nc3 Bb4 17.Rd3 e5 18.dxe5 Nxe5 19.Nxe5 Rxe5 20.Qf3 Rae8 21.Nd1 Re1 22.g3 Rxf1+
23.Kxf1 Ne4 24.Kg2 Qc8 25.Ne3 Bc5 26.Nf5 Nxf2 27.Rd2 Ne4 28.Rd1 Bf8 29.Bxg7 Ng5
30.Qg4 Qe6 31.Qxg5 Qg6  1-0

[Event "Master Open"]
[Site "Lausanne SUI"]
[Date "2001.05.23"]
[Round "3"]
[White "Shchekachev,A"]
[Black "Varga,P"]
[Result "0-1"]
[WhiteElo "2543"]
[BlackElo "2478"]

1.c4 c6 2.e4 e5 3.Nf3 d6 4.d4 Bg4 5.Be2 Be7 6.O-O Bxf3 7.Bxf3 Bg5 8.Bxg5 Qxg5
9.Qb3 Qe7 10.Rd1 Nh6 11.Nc3 O-O 12.Rd2 Na6 13.Rad1 exd4 14.Rxd4 Rfd8 15.R1d2 Nf5
16.R4d3 Nc5 17.Qd1 Nxd3 18.Rxd3 Nh4 19.Be2 Ng6 20.Bf1 a6 21.a4 a5 22.Qb3 Nf4
23.Rf3 Ne6 24.Qd1 Nc5 25.Re3 Qe5 26.h4 Re8 27.h5 Re6 28.g3 Rae8 29.Bg2 Rh6
30.Bf3 g6 31.hxg6 hxg6 32.Bg2 Re6 33.Qd2 Kg7 34.Qc2 Re8 35.Ne2 Reh8 36.Nf4 g5
37.Ne2 Ne6 38.Qd2 g4 39.Rb3 Rh2 40.Qc3 Nc5 41.Ra3 f6 42.Qxe5 fxe5 43.Ra1 Kf7
44.Nc3 Ke6 45.Nd1 R2h6 46.Ne3 Rg6 47.Ra3 Kd7 48.Nf5 Kc7 49.Ne7 Rf6 50.Nf5 Ra8
51.Ne3 Rg6 52.Nf5 Ra6 53.Bf1  0-1

[Event "TCh-NOR Final"]
[Site "Langesund NOR"]
[Date "2001.05.24"]
[Round "2"]
[White "Lauvsnes,A"]
[Black "Grotnes,N"]
[Result "1-0"]
[WhiteElo "2274"]
[BlackElo "2291"]

1.c4 c6 2.g3 d5 3.Bg2 e5 4.d4 dxc4 5.dxe5 Qa5+ 6.Nd2 Bb4 7.Nf3 c3 8.bxc3 Bxc3
9.O-O Ne7 10.Nc4 Qd5 11.Nd6+ Kf8 12.Nxc8 Nxc8 13.Ba3+ Kg8 14.Qxd5  1-0

[Event "2nd IECC"]
[Site "Ohrid MKD"]
[Date "2001.06.01"]
[Round "1"]
[White "Delchev,A"]
[Black "Gausel,E"]
[Result "1/2-1/2"]
[WhiteElo "2584"]
[BlackElo "2480"]

1.c4 c6 2.Nf3 d5 3.g3 Nf6 4.Bg2 Bg4 5.Ne5 Be6 6.Qb3 Nbd7 7.d4 Qb6 8.Nxd7 Bxd7
9.Nc3 dxc4 10.Qxc4 Be6 11.Qa4 Rd8 12.O-O Rxd4 13.Qa3 Bg4 14.Be3 e5 15.Qb3 Qxb3
16.axb3 Rd7 17.Rxa7 Bb4 18.h3 Be6 19.Na4 O-O 20.Bc5 Bxc5 21.Nxc5 Rd2 22.Nxe6 fxe6
23.Rxb7 Rxe2 24.Bxc6 Rxb2 25.b4 Nd5 26.b5 e4 27.Ra7 h6 28.Bd7 Rf6 29.Ra6 Kf7
30.Ra7 Nc3 31.Bc6+ Kg8 32.Ra3 Nxb5 33.Ra8+ Rf8 34.Rxf8+ Kxf8 35.Bxe4 Nd6
36.Bf3 Ke7 37.Re1 Kf6 38.Bg4 Nf5 39.Bxf5 exf5  1/2-1/2

[Event "2nd SUFE Cup Rapid"]
[Site "Shanghai CHN"]
[Date "2001.06.01"]
[Round "4"]
[White "Ioseliani,N"]
[Black "Wang Lei"]
[Result "0-1"]
[WhiteElo "2499"]
[BlackElo "2498"]

1.c4 c6 2.e4 d5 3.exd5 cxd5 4.d4 Nf6 5.Nc3 e6 6.Nf3 Bb4 7.cxd5 Nxd5 8.Bd2 O-O
9.Bd3 Be7 10.O-O Nc6 11.a3 Bf6 12.Be3 Nxc3 13.bxc3 b6 14.Qc2 g6 15.Bh6 Bg7
16.Bxg7 Kxg7 17.Rfd1 Bb7 18.Qe2 Rc8 19.Be4 Qc7 20.Rac1 Na5 21.Bxb7 Nxb7 22.c4 Qe7
23.Ne5 Rc7 24.Qe3 Rfc8 25.Rc3 Nd6 26.Ng4 Nxc4 27.Qh6+ Kg8 28.h4 f5 29.Nh2 Nd6
30.Rh3 Ne4 31.Nf3 Rc2 32.Rf1 R2c3 33.a4 Qg7 34.Qf4 Qc7 35.Qh6 Rc1 36.Ne1 Qg7
37.Qe3 R1c3 38.Nd3 Rd8 39.Rc1 Qxd4 40.Rxc3 Qxe3 41.Rxe3 Nxc3 42.Nf4 Nd5 43.Nxd5 Rxd5
44.Rxe6 Ra5 45.Re7 Rxa4 46.g3 b5 47.Rb7 b4 48.Kg2 a5 49.Kf3 Ra2 50.Ke3 h6
51.Kf4 Re2 52.f3 Re6 53.h5 gxh5 54.Kxf5 Ra6 55.Ke5 a4 56.Rxb4 a3 57.Rb1 a2
58.Ra1 Kg7 59.f4 Ra5+ 60.Kd4 Kf6 61.Kc3 Kf5 62.Kb2 h4 63.gxh4 Kxf4  0-1

[Event "2nd IECC"]
[Site "Ohrid MKD"]
[Date "2001.06.02"]
[Round "2"]
[White "Azmaiparashvili,Z"]
[Black "Tischbierek,R"]
[Result "1/2-1/2"]
[WhiteElo "2670"]
[BlackElo "2527"]

1.c4 c6 2.Nf3 d5 3.e3 Nf6 4.b3 g6 5.Bb2 Bg7 6.h3 O-O 7.Be2 e6 8.Qc2 b6 9.O-O Bb7
10.Rd1 Nbd7 11.d3 Rc8 12.b4 Qe7 13.d4 dxc4 14.Qxc4 Nd5 15.Ba3 Rfe8 16.e4 Nf4
17.Bf1 e5 18.Bb2 exd4 19.Bxd4 Ne5 20.Nxe5  1/2-1/2

[Event "2nd SUFE Cup Rapid"]
[Site "Shanghai CHN"]
[Date "2001.06.03"]
[Round "11"]
[White "Alexandria,N"]
[Black "Wang Lei"]
[Result "0-1"]
[WhiteElo "2336"]
[BlackElo "2498"]

1.c4 c6 2.Nf3 d5 3.b3 Bf5 4.Bb2 e6 5.d3 h6 6.g3 Nf6 7.Bg2 Be7 8.O-O O-O 9.Nbd2 a5
10.a3 Na6 11.Qc2 Bh7 12.Rad1 Nd7 13.e4 dxe4 14.dxe4 Bf6 15.Ne1 Qb6 16.Bxf6 Nxf6
17.Nd3 Rad8 18.Rfe1 Nc5 19.Nxc5 Qxc5 20.Qb2 Qd4 21.Qc1 Ng4 22.Rf1 Ne5 23.h3 Nd3
24.Qa1 Qxa1 25.Rxa1 Nc5 26.b4 Rxd2 27.bxc5 Rd4 28.Rab1 Bxe4 29.Bxe4 Rxe4
30.Rxb7 Rxc4 31.Rd1 Rxc5 32.Rdd7 Rf5 33.Rdc7 Rd8 34.Rb2 Rd3 35.a4  0-1

[Event "Open"]
[Site "Fourmies FRA"]
[Date "2001.06.04"]
[Round "6"]
[White "Shchekachev,A"]
[Black "Bergez,L"]
[Result "1-0"]
[WhiteElo "2543"]
[BlackElo "2412"]

1.c4 c6 2.e4 d5 3.exd5 cxd5 4.d4 Nf6 5.Nc3 Nc6 6.cxd5 Nxd5 7.Nf3 Bg4 8.Qb3 Bxf3
9.gxf3 e6 10.Qxb7 Nxd4 11.Bb5+ Nxb5 12.Qc6+ Ke7 13.Qxb5 Qd7 14.Nxd5+ Qxd5
15.Qxd5 exd5 16.O-O Ke6 17.Re1+ Kf5 18.Rd1 Rd8 19.Be3 Rd7 20.Rac1 Be7 21.Rd4 Rb8
22.Rf4+ Kg6 23.b3 Rb4 24.Rg4+ Rxg4+ 25.fxg4 d4 26.Bd2 Kf6 27.Kg2 Ke5 28.Kf3 Kd5
29.Ke2 Bd6 30.Kd3 f5 31.gxf5 Rf7 32.Rc4 Bc5 33.Ra4 Rxf5 34.Ra5 Ke6 35.b4 Bb6
36.Rxf5 Kxf5 37.f3 Ke5 38.Kc4 a6 39.a4 h6 40.h3 Ba7 41.Bc1 Bb6 42.a5 Ba7
43.Bb2 g5 44.Ba1 h5 45.Bb2 g4 46.fxg4 hxg4 47.hxg4 Ke4 48.g5 d3 49.Bc3 Bd4
50.Bd2 Bg7 51.b5 axb5+ 52.Kxb5 Bd4 53.a6 Kf3 54.a7  1-0

[Event "Open"]
[Site "Estensi ITA"]
[Date "2001.06.05"]
[Round "4"]
[White "Caoili,A"]
[Black "Bukal,V jr"]
[Result "0-1"]
[WhiteElo "2140"]
[BlackElo "2392"]

1.c4 c6 2.e4 d5 3.exd5 cxd5 4.d4 Nf6 5.Nc3 Nc6 6.Nf3 Be6 7.Bg5 Qa5 8.Qb3 O-O-O
9.O-O-O Bg4 10.Bxf6 gxf6 11.a3 e5 12.cxd5 Nxd4 13.Nxd4 Bxd1 14.Qxd1 exd4
15.Qxd4 Bd6 16.f4 Qc5 17.Qxf6 Qe3+ 18.Kb1 Bxf4 19.g3 Be5 20.Qf5+ Kb8 21.Nd1 Qd4
22.Bg2 h5 23.Nc3 f6 24.Bh3 Qd2 25.Rc1 Qxh2 26.Na4 Qd2 27.Rc2 Qd1+ 28.Ka2 Qxd5+
29.Kb1 Qb3  0-1

[Event "2nd IECC"]
[Site "Ohrid MKD"]
[Date "2001.06.05"]
[Round "5"]
[White "Cyborowski,L"]
[Black "Miroshnichenko,E"]
[Result "0-1"]
[WhiteElo "2450"]
[BlackElo "2520"]

1.c4 c6 2.e4 g6 3.d4 Bg7 4.Nc3 d6 5.Be2 Nf6 6.Nf3 O-O 7.O-O e5 8.Qc2 exd4
9.Nxd4 Re8 10.Rd1 Qe7 11.f3 Nbd7 12.Bf1 a5 13.Rb1 Nc5 14.Bg5 Qf8 15.Qd2 Nfd7
16.Nc2 Re6 17.Nd4 Re8 18.Nc2 a4 19.Bf4 Be5 20.Bh6 Qe7 21.Bg5 f6 22.Bh4 Qg7
23.Nd4 Nf8 24.f4 g5 25.fxe5 dxe5 26.Bf2 exd4 27.Qxd4 Nfe6 28.Qd6 Nd7 29.Bg3 Ne5
30.Qb4 Qf8 31.Qxf8+ Nxf8 32.b3 axb3 33.axb3 Ra3 34.Na4 Nf7 35.Re1 Ne6 36.Bf2 Ne5
37.Red1 Ra2 38.Ra1 Rc2 39.Nb6 Nf4 40.Ra8 Bd7 41.Rda1 Rxa8 42.Rxa8+ Kg7 43.Nxd7 Nxd7
44.Ra7 Ne5 45.Rxb7+ Kg6 46.Bg3 Ng4 47.Ra7 Rc1 48.Bxf4 gxf4 49.Ra2 c5  0-1

[Event "2nd IECC"]
[Site "Ohrid MKD"]
[Date "2001.06.05"]
[Round "5"]
[White "Bogdanovski,V"]
[Black "Guliev,S"]
[Result "1/2-1/2"]
[WhiteElo "2463"]
[BlackElo "2528"]

1.c4 c6 2.Nf3 d5 3.d4 Nf6 4.e3 Bf5 5.Nc3 e6 6.Nh4 Bg4 7.Qb3 Qb6 8.h3 Bh5
9.g4 Bg6 10.c5 Qc7 11.g5 Nfd7 12.Nxg6 hxg6 13.e4 Rh4 14.Bg2 dxe4 15.Nxe4 Na6
16.O-O Be7 17.Qg3 Qxg3 18.fxg3 Rh8 19.Bf4 e5 20.Bxe5 Nxe5 21.dxe5 Nxc5 22.Nd6+ Bxd6
23.exd6 Rf8 24.Rac1 Ne6 25.Rxc6 bxc6 26.Bxc6+ Kd8 27.Bxa8 Kd7 28.Bg2 Nxg5
29.Rc1 Ne6 30.Rc4 Rb8 31.b3 Rb6 32.Ra4 a6 33.Bf1 Nc5 34.Rd4 Rxd6 35.Rxd6+ Kxd6
36.b4 Ne4 37.Bxa6 Nxg3 38.a4 Nh5 39.a5 Nf4 40.Bf1 g5 41.Kf2 f5 42.b5 Nd5
43.Bg2 Kc5 44.Bxd5 Kxb5 45.Be6 g6 46.Bf7 Kxa5 47.Bxg6 Kb5 48.Bxf5 Kc5 49.Kf3 Kd6
50.Kg4 Ke7 51.Kh5 Kf6 52.Be4 Kg7 53.Bd3 Kh8 54.Kh6 Kg8 55.Be4 Kh8 56.Bd5 g4
57.h4 g3 58.Bg2 Kg8 59.Kg6 Kh8 60.h5 Kg8 61.h6 Kh8  1/2-1/2

[Event "2nd IECC"]
[Site "Ohrid MKD"]
[Date "2001.06.06"]
[Round "6"]
[White "Azmaiparashvili,Z"]
[Black "Burmakin,V"]
[Result "1/2-1/2"]
[WhiteElo "2670"]
[BlackElo "2522"]

1.c4 c6 2.Nf3 d5 3.e3 Nf6 4.Qc2 a6 5.b3 Bg4 6.Ne5 Bh5 7.d4 e6 8.Bd3 Nbd7
9.O-O Nxe5 10.dxe5 Nd7 11.Qc3 Bg6 12.Rd1 Qb6 13.Bb2 Rd8 14.Bxg6 hxg6 15.Nd2 Bb4
16.Qc2 O-O 17.Nf3 dxc4 18.bxc4 Be7 19.Rab1 Nc5 20.Bd4 Qc7 21.Rdc1 Rd7 22.Rb2 Qa5
23.Rcb1 Rb8 24.Rb6 Na4 25.Rxc6 Rbd8 26.Rxe6 fxe6 27.Qxg6 Nc5 28.h4 Qa3 29.Rd1 Qa4
30.Rd2 Qc6 31.Bxc5 Rxd2 32.Bxe7 Rd1+ 33.Kh2 Qe8 34.Qxe6+ Qf7 35.Qxf7+ Kxf7
36.Bxd8 Rxd8 37.Nd4 Rc8 38.Nf5 Rc5 39.Nd6+ Ke7 40.f4 Ra5 41.Nxb7 Rxa2 42.h5 a5
43.f5 Rf2 44.Nxa5 Rxf5 45.Nc6+ Kf8 46.g4 Rf3 47.Kg2 Rxe3 48.c5 Rc3 49.Nd4 Rc4
50.Nf5 Rxc5 51.Kg3 Rxe5 52.h6  1/2-1/2

[Event "2nd IECC"]
[Site "Ohrid MKD"]
[Date "2001.06.09"]
[Round "8"]
[White "Gausel,E"]
[Black "Kobalija,M"]
[Result "1/2-1/2"]
[WhiteElo "2480"]
[BlackElo "2590"]

1.c4 c6 2.Nf3 d5 3.e3 Nf6 4.Nc3 a6 5.b3 Bf5 6.Be2 h6 7.Ba3 Nbd7 8.O-O e6
9.Bxf8 Nxf8 10.b4 N8d7 11.cxd5 exd5 12.a4 O-O 13.Qb3 Qc7 14.Rfc1 Qd6 15.a5 Rfe8
16.Nd4 Bh7 17.Na4 Nf8 18.Nc5 Qe7 19.d3 Ng6 20.Re1 Qc7 21.Rac1 Re5 22.Qb2 Re7
23.Bf1 Ne5 24.h3 Ne8 25.Qd2 Nd6 26.Rc2 Rae8 27.f4 Ng6 28.Qf2 Nf8 29.f5 Nd7
30.Nxd7 Qxd7 31.f6 Re5 32.fxg7 Qe7 33.Qf4 Qg5 34.Qxg5 hxg5 35.Kf2 Nf5 36.Rce2 Nxd4
37.exd4 Rf5+ 38.Kg3 Rxe2 39.Bxe2 Rf4 40.Bh5 Rh4 41.Bg4 f5 42.Re8+ Kxg7 43.Be2 Kf6
44.Rf8+ Ke6 45.Rh8 Kd6 46.Kf2 Kc7 47.Ke3 Kd6 48.Rf8 Rh6 49.Kd2 Re6 50.Rh8 Re7
51.g3 Ke6 52.h4 Kf6 53.hxg5+ Kxg5 54.Rf8  1/2-1/2

[Event "White Nights"]
[Site "St Petersburg RUS"]
[Date "2001.06.14"]
[Round "6"]
[White "Kornev,Alexe"]
[Black "Yagupov,I"]
[Result "1-0"]
[WhiteElo "2507"]
[BlackElo "2448"]

1.c4 c6 2.e4 d5 3.exd5 cxd5 4.cxd5 Nf6 5.Nc3 Nxd5 6.Nf3 e6 7.Bc4 Nc6 8.O-O Nb6
9.Bb3 Bc5 10.Ne4 Bd4 11.d3 O-O 12.Qe2 Nd5 13.Bg5 f6 14.Be3 Nxe3 15.fxe3 Bb6
16.d4 Kh8 17.Rac1 Bc7 18.Qf2 Qe8 19.Qh4 f5 20.Nc5 Rf6 21.Nd3 Rh6 22.Qf2 b6
23.Nf4 Bd7 24.Ng5 Rc8 25.h3 Na5 26.Bxe6 Bxe6 27.Nfxe6 Rxe6 28.Qxf5 Rg6 29.Rxc7 Rb8
30.Kh1  1-0

[Event "Hotel Lippa GM"]
[Site "Szentgotthard HUN"]
[Date "2001.06.19"]
[Round "7"]
[White "Fucak,E"]
[Black "Varga,Zo"]
[Result "0-1"]
[WhiteElo "2353"]
[BlackElo "2503"]

1.c4 c6 2.Nf3 d5 3.g3 dxc4 4.Bg2 b5 5.b3 cxb3 6.Qxb3 e6 7.Ne5 Bb7 8.f4 Nf6
9.f5 Qc7 10.Bb2 Bd6 11.Nd3 e5 12.Nc3 a6 13.Ne4 Nxe4 14.Bxe4 c5 15.Nf2 Nc6
16.O-O f6 17.d3 Na5 18.Qc2 O-O 19.Bc3 b4 20.Bd2 c4 21.Bxb7 Qxb7 22.a3 cxd3
23.Qxd3 Rfd8 24.Qb1 Nc6 25.axb4 Bxb4 26.Bxb4 Nxb4 27.Qb3+ Kh8 28.Ra5 Rab8
29.Rc1 Qd7 30.Qf3 Rb5 31.Ra3 Rd5 32.Rac3 Na2 33.Rc7 Nxc1 34.Rxd7 R5xd7 35.Kf1 Rd2
36.g4 Nxe2 37.g5 Nd4 38.Qg4 fxg5 39.Qxg5 Nf3 40.Qg3 e4 41.Nxe4 Nxh2+ 42.Kg1 R2d3
43.Qc7 Nf3+ 44.Kf2 Nd2 45.Nc5 R3d5 46.Ke2 Nc4 47.Ne6 Re5+ 48.Kf3 Nd2+ 49.Kg2 Re2+
50.Kg1 Rg8 51.Nf4 Nf3+ 52.Kf1 Rd2 53.Qc3 Rb8 54.Ne2 Re8 55.f6 Rdxe2 56.Qxf3 Re1+
57.Kf2 R8e2+ 58.Kg3 Re3 59.f7 Rxf3+  0-1

[Event "III ShakkiNet GM"]
[Site "Helsinki FIN"]
[Date "2001.06.28"]
[Round "7"]
[White "Horvath,Jo"]
[Black "Karttunen,M"]
[Result "1-0"]
[WhiteElo "2551"]
[BlackElo "2466"]

1.c4 c6 2.e4 g6 3.d4 Bg7 4.Nc3 d6 5.Be3 Nf6 6.Be2 O-O 7.Nf3 Nbd7 8.O-O e5
9.d5 cxd5 10.cxd5 h6 11.Nd2 Ne8 12.Nc4 a6 13.a4 f5 14.f3 f4 15.Bf2 b6 16.Na2 a5
17.b4 h5 18.bxa5 bxa5 19.Nc3 Rf7 20.Nb5 Bf8 21.Na7 g5 22.Nc6 Qf6 23.N4xa5 Rg7
24.Na7 Nc5 25.Nxc8 Rxa5 26.Nb6 g4 27.Bb5 g3 28.Bxc5 gxh2+ 29.Kh1 dxc5 30.Nc4 Ra8
31.Bxe8 Rxe8 32.a5 h4 33.Ra2 Qa6 34.Qd3 Qg6 35.Rb1 h3 36.Qf1 Ree7 37.d6 Ra7
38.Rd1 Qe6 39.a6 Rxa6 40.Rad2 Bxd6 41.Rxd6 hxg2+ 42.Qxg2 Qxc4 43.Rd8+ Kh7
44.Qh3+ Rh6 45.Qf5+ Rhg6 46.Qh5+ Rh6 47.Rh8+  1-0

[Event "GM"]
[Site "Clichy FRA"]
[Date "2001.06.30"]
[Round "6"]
[White "Gurevich,M"]
[Black "Conquest,S"]
[Result "1/2-1/2"]
[WhiteElo "2688"]
[BlackElo "2563"]

1.c4 c6 2.Nf3 d5 3.e3 Nf6 4.Nc3 a6 5.Qc2 g6 6.b3 Bg7 7.Bb2 O-O 8.d4 Bf5 9.Bd3 Bxd3
10.Qxd3 Nbd7 11.O-O b5 12.cxd5 cxd5 13.Rfc1 Qb8 14.a4 b4 15.Ne2 Ne4 16.Rc2 Qb7
17.Rac1 Rac8 18.Nf4 e6 19.Qd1 Rfe8 20.Nd3 Bf8 21.Nfe5 f6 22.Nxd7 Qxd7 23.Nc5 Nxc5
24.dxc5 Rc6 25.Bxf6 e5 26.Bh4 Rec8 27.e4 d4 28.Bg5 Qe6 29.Qd3 Rxc5 30.Rxc5 Rxc5
31.Rxc5 Bxc5 32.Bd2 Be7 33.f3 Qc6 34.Kf1 Kf7 35.Ke2 Ke6 36.f4 exf4 37.Bxf4 Kf7
38.Bd2 Qe6 39.Kd1 a5 40.Kc2 Qc6+ 41.Kb1 Bf6 42.Bf4 Ke6 43.h3 Bg7 44.Qf3 Bf6
45.Bd2 Qc5 46.Qd3 Bg5 47.Qa6+ Kf7 48.Qb7+ Kf6 49.Qa6+ Kf7 50.Bxg5 Qxg5 51.Qc4+ Ke7
52.Qc7+ Ke6 53.Qc8+ Ke7 54.Qb7+ Ke6 55.Qb6+ Ke7 56.Qxd4 Qxg2 57.Qe3 Ke6 58.Qb6+ Ke7
59.Qc5+ Ke6 60.Qd5+ Ke7 61.Qe5+ Kf7 62.Qd5+ Ke7 63.h4 Qf1+ 64.Kc2 Qe2+ 65.Kc1 Qe1+  1/2-1/2

[Event "Open"]
[Site "Batumi GEO"]
[Date "2001.07.03"]
[Round "7"]
[White "Aleksandrov,A"]
[Black "Zhukova,N"]
[Result "1-0"]
[WhiteElo "2610"]
[BlackElo "2463"]

1.c4 c6 2.e4 d5 3.exd5 cxd5 4.d4 Nf6 5.Nc3 e6 6.Nf3 Bb4 7.cxd5 exd5 8.Bg5 O-O
9.Be2 Qd6 10.Rc1 Ne4 11.O-O Bxc3 12.bxc3 Nc6 13.Bh4 f5 14.c4 dxc4 15.Bxc4+ Kh8
16.Re1 h6 17.d5 Na5 18.Qd4 b6 19.Ne5 Kh7 20.Bd3 Nf6 21.Rxc8  1-0

[Event "Open"]
[Site "Andorra AND"]
[Date "2001.07.04"]
[Round "5"]
[White "Rotstein,A"]
[Black "Khenkin,I"]
[Result "0-1"]
[WhiteElo "2503"]
[BlackElo "2609"]

1.c4 c6 2.e4 d5 3.cxd5 cxd5 4.exd5 Nf6 5.Bb5+ Nbd7 6.Nc3 a6 7.Be2 Nb6 8.Nf3 Nbxd5
9.O-O e6 10.d4 Bd6 11.Bg5 h6 12.Bh4 Nf4 13.Ne5 Nxe2+ 14.Qxe2 Be7 15.Rad1 O-O
16.Rfe1 a5 17.Qf3 Ra6 18.d5 exd5 19.Nxd5 Nxd5 20.Rxd5 Qc7 21.Bg3 Qc2 22.Nd7 Re6
23.Red1 Re8 24.Qc3 Bb4  0-1

[Event "Sub-zt 2.3.2"]
[Site "Managua NCA"]
[Date "2001.07.05"]
[Round "6"]
[White "Jimenez,Ju"]
[Black "Arias Santana,M"]
[Result "1/2-1/2"]
[WhiteElo "2222"]
[BlackElo "2207"]

1.c4 c6 2.Nc3 Nf6 3.Nf3 d6 4.d3 e6 5.d4 d5 6.Bg5 dxc4 7.e4 b5 8.e5 h6 9.Bh4 g5
10.Nxg5 hxg5 11.Bxg5 Nbd7 12.exf6 Bb7 13.g3 c5 14.d5 Nb6 15.dxe6 Qxd1+ 16.Rxd1 Bxh1
17.e7 a6 18.h4 Bh6 19.f4 b4 20.Rd6 Rb8 21.Nd1 Bxg5 22.fxg5 Nd5 23.Bxc4  1/2-1/2

[Event "29th World Open"]
[Site "Philadelphia USA"]
[Date "2001.07.07"]
[Round "6"]
[White "Ehlvest,J"]
[Black "Finegold,B"]
[Result "0-1"]
[WhiteElo "2630"]
[BlackElo "2511"]

1.c4 c6 2.e4 d5 3.exd5 cxd5 4.d4 Nf6 5.Nc3 Nc6 6.Bg5 e6 7.Nf3 Be7 8.Rc1 O-O
9.c5 Ne4 10.Bxe7 Qxe7 11.Bb5 Ng5 12.Nxg5 Qxg5 13.O-O Ne7 14.Re1 f5 15.Bf1 f4
16.Nb5 Nf5 17.Rc3 Qd8 18.Bd3 a6 19.Bxf5 axb5 20.Bb1 Qf6 21.Re5 Bd7 22.Qd2 Be8
23.Qe1 Ra6 24.a3 Bg6 25.Bxg6 Qxg6 26.h3 f3 27.g3 h5 28.Rce3 Rf6 29.h4 Qg4
30.Kh2 Qxd4 31.b4 Qb2 32.Rxe6 Rfxe6 33.Rxe6 Rxa3 34.Re8+ Kh7 35.Re5 Kh6 36.g4 hxg4
37.Kg3 g6 38.Re6 Qa1 39.Qd2+ Kg7  0-1

[Event "6th Leg Russian Cup"]
[Site "Tomsk RUS"]
[Date "2001.07.07"]
[Round "8"]
[White "Vaulin,A"]
[Black "Akselrod,V"]
[Result "1/2-1/2"]
[WhiteElo "2540"]
[BlackElo "2436"]

1.c4 c6 2.Nf3 d5 3.e3 Nf6 4.Nc3 g6 5.d4 Bg7 6.h3 O-O 7.cxd5 cxd5 8.Bd3 Nc6
9.O-O b6 10.a3 Bb7 11.Bd2 Rc8 12.b4 Qd6 13.Rc1 Rfd8 14.Qb3 e6 15.Rfd1 Qb8
16.Qb1 Ne8 17.Ne2 Nd6 18.b5 Na5 19.Bxa5 bxa5 20.Nd2 Bf8 21.a4 Qa8 22.Nf4 Bh6
23.Nb3 Nc4 24.Nc5 e5 25.Nxb7 Qxb7 26.dxe5 Nxe5 27.Rxc8 Qxc8 28.Ne2 Qc5 29.Nd4 Rc8
30.Bf1 Bf8 31.Qa2 Nc4 32.Rc1 Qa3 33.Qxa3 Bxa3 34.Rc2 Nb6 35.Nc6 Kf8 36.Ra2 Bb4
37.Nxa7 Rc1 38.g3 Bc3 39.Nc6 Ke8 40.Kg2 Kd7 41.Bd3 Rd1 42.Be2 Rc1 43.g4 f6
44.h4 Kd6 45.g5 Nd7 46.Bg4 f5 47.Be2 Nc5 48.h5 Ne6 49.hxg6 hxg6 50.f4 Nc5
51.Kf3 Ne4 52.Bd3 Nc5 53.Be2 Ne4 54.Bd3  1/2-1/2

[Event "ch-NOR"]
[Site "Kristiansund NOR"]
[Date "2001.07.09"]
[Round "3"]
[White "Dannevig,O"]
[Black "Hole,O"]
[Result "1-0"]
[WhiteElo "2317"]
[BlackElo "2274"]

1.c4 c6 2.g3 d5 3.Bg2 Nf6 4.Nf3 Bf5 5.cxd5 cxd5 6.Qb3 Qc8 7.Nc3 e6 8.d3 Nc6
9.Bf4 Be7 10.Rc1 O-O 11.O-O Qd7 12.e4 Bg6 13.exd5 exd5 14.d4 Rfd8 15.Ne5 Nxe5
16.dxe5 Ne4 17.Nxe4 Bxe4 18.Bxe4 dxe4 19.Rfd1 Qg4 20.h3 Qxh3 21.Qxb7 Bc5
22.Qxe4 g5 23.Be3 Bxe3 24.Qxe3 Qf5 25.Rxd8+ Rxd8 26.e6 fxe6 27.Qxa7 Qf3 28.Qe7 Rd1+
29.Rxd1 Qxd1+ 30.Kh2 Qd5 31.Qf6 Qxa2 32.Qxg5+ Kf7 33.Qf4+ Ke7 34.Qd4 Qb3
35.Qa7+ Ke8 36.Qa3 Qc2 37.Kg2 Qe4+ 38.Qf3 Qb4 39.Qh5+  1-0

[Event "ch-NOR"]
[Site "Kristiansund NOR"]
[Date "2001.07.10"]
[Round "4"]
[White "Borresen,G"]
[Black "Hole,O"]
[Result "1/2-1/2"]
[WhiteElo "2286"]
[BlackElo "2274"]

1.c4 c6 2.Nf3 d5 3.e3 Nf6 4.b3 Bf5 5.Bb2 e6 6.Be2 Nbd7 7.O-O h6 8.d4 Be7
9.Nc3 O-O 10.Bd3 Bxd3 11.Qxd3 Re8 12.e4 dxe4 13.Nxe4 Nxe4 14.Qxe4 Bf6 15.Rfd1 Qc7
16.Qc2 Rad8 17.h3  1/2-1/2